| 000 | 00913nam a2200241 a 4500 | ||
|---|---|---|---|
| 001 | 23598 | ||
| 003 | BD-RjUL | ||
| 005 | 20211209000941.0 | ||
| 008 | 140311s1958 cauab b 001 0 eng d | ||
| 035 | _a(BD-RjUL)23663 | ||
| 040 |
_aVU _beng _cVU _dXNTU _dBD-RjUL |
||
| 041 | 1 |
_aeng _hger |
|
| 082 | 1 | 4 |
_a919.65 _219 _bTEA 1958 |
| 100 | 1 |
_aTetens, Alfred, _d1835-1909. _972645 |
|
| 245 | 1 | 0 |
_aAmong the savages of the South Seas : _bmemoirs of Micronesia, 1862-1868 / _cAlfred Tetens ; translated from the German by Florence Mann Spoehr. |
| 260 |
_aStanford, Calif. : _bStanford University Press, _cc1958. |
||
| 300 |
_axxxvi, 103 p. : _bill., maps ; _c23 cm. |
||
| 500 | _aTranslation of : Vom Schiffsjungen zum Wasserschout. | ||
| 504 | _aIncludes bibliographical references and index. | ||
| 651 | 0 |
_aMicronesia _xDescription and travel. _972646 |
|
| 942 |
_2ddc _cBK |
||
| 999 |
_c23598 _d23598 |
||